Climate change in the era of strategic competition : hearing before the Subcommittee on Intelligence and Emerging Threats and Capabilities of the Committee on Armed Services, House of Representatives, One Hundred Sixteenth Congress, first session : hearing held December 11, 2019.

Bibliographic Details
Corporate Author: United States. Congress. House. Committee on Armed Services. Subcommittee on Intelligence and Emerging Threats and Capabilities (Author)
Format: Government Document eBook
Language:English
Published: Washington : U.S. Government Publishing Office, 2020.
Subjects:
Online Access:https://purl.fdlp.gov/GPO/gpo142147

MARC

Tag First Indicator Second Indicator Subfields
LEADER 00000cam a2200000 i 4500
001 in00004337613
006 m o d f
007 cr |||||||||||
008 200729s2020 dcu o f000 0 eng c
005 20220729202439.2
024 8 |a 40-507  |q (GPO jacket number) 
035 |a (OCoLC)on1179007411 
040 |a GPO  |b eng  |e rda  |e pn  |c GPO  |d GPO  |d OCLCF  |d OCLCQ  |d GPO  |d MvI 
042 |a pcc 
043 |a n-us---  |a a-cc--- 
049 |a WWW 
050 4 |a KF27  |b .A7494 2019d 
074 |a 1012-F (online) 
086 0 |a Y 4.AR 5/2 A:2019-2020/55 
088 |a H.A.S.C. no. 116-55 
110 1 |a United States.  |b Congress.  |b House.  |b Committee on Armed Services.  |b Subcommittee on Intelligence and Emerging Threats and Capabilities,  |e author. 
245 1 0 |a Climate change in the era of strategic competition :  |b hearing before the Subcommittee on Intelligence and Emerging Threats and Capabilities of the Committee on Armed Services, House of Representatives, One Hundred Sixteenth Congress, first session : hearing held December 11, 2019. 
264 1 |a Washington :  |b U.S. Government Publishing Office,  |c 2020. 
300 |a 1 online resource (iii, 51 pages) 
336 |a text  |b txt  |2 rdacontent 
337 |a computer  |b c  |2 rdamedia 
338 |a online resource  |b cr  |2 rdacarrier 
500 |a Access ID (govinfo): CHRG-116hhrg40507. 
500 |a "H.A.S.C. no. 116-55." 
500 |a GPO Cataloging Record Distribution Program (CRDP). 
511 0 |a Hearing witnesses: Langan-Riekhof, Maria, Director of the Strategic Futures Group at the National Intelligence Council, Office of the Director of National Intelligence; Mercado, Victorino, Performing the Duties of Acting Assistant Secretary of Defense for Strategy, Plans, and Capabilities, U.S. Department of Defense; Nikolich, Milan, Director, Defense Research and Engineering for Research and Technology, Office of the Under Secretary of Defense for Research and Engineering; Tipton, Neill, Director for Defense Intelligence (Collection and Special Programs), Office of the Under Secretary of Defense for Intelligence. 
518 |a Date of hearing: 2019-12-11. 
588 |a Description based on online resource; title from PDF title page (govinfo, viewed July 29, 2020). 
650 0 |a Climatic changes  |x Government policy  |z United States. 
650 0 |a Geopolitics. 
650 0 |a National security  |z United States. 
650 0 |a Climatic changes  |x Government policy  |z China. 
650 7 |a Climatic changes  |x Government policy  |2 fast  |0 (OCoLC)fst00864245 
650 7 |a Geopolitics  |2 fast  |0 (OCoLC)fst00941045 
650 7 |a National security  |2 fast  |0 (OCoLC)fst01033711 
650 7 |a Strategic aspects of individual places  |2 fast  |0 (OCoLC)fst01355062 
651 0 |a Arctic regions  |x Strategic aspects. 
651 7 |a Arctic Regions.  |2 fast  |0 (OCoLC)fst01240227 
651 7 |a China.  |2 fast  |0 (OCoLC)fst01206073 
651 7 |a United States.  |2 fast  |0 (OCoLC)fst01204155 
655 7 |a Legislative hearings.  |2 fast  |0 (OCoLC)fst01910825 
655 7 |a Legislative hearings.  |2 lcgft 
776 0 8 |i Print version:  |a United States. Congress. House. Committee on Armed Services. Subcommittee on Intelligence and Emerging Threats and Capabilities.  |t Climate change in the era of strategic competition  |w (OCoLC)1190581369 
776 0 8 |i Microfiche version:  |a United States. Congress. House. Committee on Armed Services. Subcommittee on Intelligence and Emerging Threats and Capabilities.  |t Climate change in the era of strategic competition  |w (OCoLC)1303391527 
856 4 0 |u https://purl.fdlp.gov/GPO/gpo142147  |t 0 
999 f f |s 7510d91b-4585-429c-b2e2-9eed6bded96a  |i a5e99740-122a-3b4a-8a11-213dd437a728  |t 0 
952 f f |a Texas A&M University  |b College Station  |c Electronic Resources  |d Available Online  |t 0  |e Y 4.AR 5/2 A:2019-2020/55  |h Superintendent of Documents classification 
998 f f |a Y 4.AR 5/2 A:2019-2020/55  |t 0  |l Available Online